| Поле | Инд. | ПП | Название | Значение |
|---|---|---|---|---|
| Тип записи | a | |||
| Библиографический уровень | a | |||
| 001 | Контрольный номер | 248f015602f640a2b58d89c30ddf0054 | ||
| 005 | Дата корректировки | 20190703162810.4 | ||
| 020 | a | ISBN | 978-5-7609-1275-6 | |
| 040 | a | Служба первич. каталог. | НБ ТвГУ | |
| b | Код языка каталог. | rus | ||
| e | Правила каталог. | PSBO | ||
| 041 | 0_ | a | Код языка текста | rus |
| 097 | b | Оператор | Raenko.AV | |
| 245 | 10 | a | Заглавие | Диффузное взаимодействие и фазообразование в пленках никель-алюминий |
| 260 | a | Место издания | Тверь | |
| b | Издательство | Тверской государственный университет | ||
| 504 | a | Библиография | Библиогр.: с. 47-48 (10 назв.) | |
| 520 | 0_ | a | Аннотация | В настоящей работе методом контактного плавления при 650 °С в вакууме получены биметаллические пленки никель-алюминий. С помощью растровой электронной микроскопии обнаружены эвтектические образования, возникающие на поверхности пленок вследствие диффузионного взаимодействия |
| 653 | 0_ | a | Ключевые слова | Контактное плавление |
| a | Ключевые слова | Интерметаллиды | ||
| a | Ключевые слова | Фазообразование | ||
| a | Ключевые слова | Эвтектика | ||
| a | Ключевые слова | Никель | ||
| a | Ключевые слова | Алюминий | ||
| a | Ключевые слова | Биметаллические нанопленки | ||
| 700 | 12 | a | Другие авторы | Ахкубекова Светлана Наниевна |
| q | Полное имя | Ахкубекова С.Н. | ||
| 700 | 12 | a | Другие авторы | Кумыков Вячеслав Каншаубиевич |
| q | Полное имя | Кумыков В.К. | ||
| 700 | 12 | a | Другие авторы | Лайпанов Мурат Занарустумович |
| q | Полное имя | Лайпанов М.З. | ||
| 700 | 12 | a | Другие авторы | Манукянц Артур Рубенович |
| q | Полное имя | Манукянц А.Р. | ||
| 700 | 12 | a | Другие авторы | Созаев Виктор Адыгеевич |
| q | Полное имя | Созаев В.А. | ||
| 700 | 12 | a | Другие авторы | Хуболов Борис Магомедович |
| q | Полное имя | Хуболов Б.М. | ||
| 773 | 18 | w | Контрольный № источника | 42e2f0140eee4552ac3821e5ea91fec8 |
| t | Название источника | Физико-химические аспекты изучения кластеров, наноструктур и наноматериалов | ||
| d | Место и дата издания | Тверь : Тверской государственный университет, 2017 | ||
| g | Прочая информация | Вып. 9. - С. 45-48 | ||
| 856 | 40 | u | URL | http://texts.lib.tversu.ru/texts/14691t.pdf |
| x | Примечание для ЭОР | Реестр суммарного учета сетевых локальных документов | ||
| x | Примечание для ЭОР | Справка УИС 2017 | ||
| i | Дата подключения ЭОР | 20190703 | ||
| 901 | t | Тип документа | a | |
| 920 | a | Оператор | Раен | |
| 954 | b | Дата поступления в ОК | 20190603 |